00551nam a2200181Ia 4500008004100000020001800041082002100059100003100080245004300111250000600154260003300160300001000193500002400203650001600227942000700243952010200250999001700352230524s9999 xx 000 0 und d a9788126518104 a621.3819584bBLA aThomas R. Blakeslee941967 0aDigital Design with Standard MSI & LSI a1 aNew DelhibWiley Indiac2008 a381p; aQuantity Number: 1 aElectronics cBK 00104070aTATCLbTATCLcGENd2023-05-24l0o621.38195835 BLAp53827r2023-05-24w2023-05-24yBK c56382d56382